000 00673nam a2200241Ia 4500
003 OSt
005 20221007065005.0
006 a|||||r|||| 00| 0
007 ta
008 221006b |||||||| |||| 00| 0 eng d
020 _a9789382823698
024 _a45,471
037 _cTextual
040 _aFLL
_cFLL
_beng
041 _2eng
_aeng
082 _aZ1, Q7
100 _aKUMAR Ashish
_9686506
245 0 _aContemporary developments in international law
_b Some random reflections
260 _aDelhi
_bSatyam Law International India
_c2017
300 _axvi,222p.
_ccm.
942 _hZ1, Q7
_cTEXL
_2CC
999 _c1135959
_d1135959